Supply Chain Risk Management In The Apparel Industry (Record no. 43511)

MARC details
000 -LEADER
fixed length control field 01094cam a2200325 i 4500
001 - CONTROL NUMBER
control field 20315790
005 - DATE AND TIME OF LATEST TRANSACTION
control field 20250401164840.0
008 - FIXED-LENGTH DATA ELEMENTS--GENERAL INFORMATION
fixed length control field 180129s2018 enka b 001 0 eng
010 ## - LIBRARY OF CONGRESS CONTROL NUMBER
LC control number 2018003020
020 ## - INTERNATIONAL STANDARD BOOK NUMBER
International Standard Book Number 9781138787865 (hardback)
020 ## - INTERNATIONAL STANDARD BOOK NUMBER
Canceled/invalid ISBN 9781315314174 (ebook)
042 ## - AUTHENTICATION CODE
Authentication code pcc
082 00 - DEWEY DECIMAL CLASSIFICATION NUMBER
Classification number 687.0687 CHE
100 1# - MAIN ENTRY--PERSONAL NAME
Author Cheng, Peter
245 10 - TITLE STATEMENT
Title Supply Chain Risk Management In The Apparel Industry
300 ## - PHYSICAL DESCRIPTION
Extent 135 pages :
Other physical details illustrations ;
Dimensions 25 cm.
504 ## - BIBLIOGRAPHY, ETC. NOTE
Bibliography, etc. note Includes bibliographical references (pages 124-131) and index.
650 #0 - SUBJECT ADDED ENTRY--TOPICAL TERM
Subject Clothing Trade
650 #0 - SUBJECT ADDED ENTRY--TOPICAL TERM
Subject Business Logistics;
650 #0 - SUBJECT ADDED ENTRY--TOPICAL TERM
Subject International trade;
700 1# - ADDED ENTRY--PERSONAL NAME
Co-Author Fu, Yelin,
700 1# - ADDED ENTRY--PERSONAL NAME
Co-Author Lai, Kin Keung,
942 ## - ADDED ENTRY ELEMENTS (KOHA)
Koha item type Books
264 #1 - PRODUCTION, PUBLICATION, DISTRIBUTION, MANUFACTURE, AND COPYRIGHT NOTICE
Place of production, publication, distribution, manufacture London ;
-- New York :
Name of producer, publisher, distributor, manufacturer Routledge, Taylor & Francis Group,
Date of production, publication, distribution, manufacture, or copyright notice 2018.
336 ## - CONTENT TYPE
Content type term text
Content type code txt
Source rdacontent
337 ## - MEDIA TYPE
Media type term unmediated
Media type code n
Source rdamedia
338 ## - CARRIER TYPE
Carrier type term volume
Carrier type code nc
Source rdacarrier
906 ## - LOCAL DATA ELEMENT F, LDF (RLIN)
a 7
b cbc
c orignew
d 1
e ecip
f 20
g y-gencatlg
Holdings
Withdrawn status Lost status Source of classification or shelving scheme Damaged status Not for loan Home library Current library Shelving location Accession Date Vendor Price Bill number Total Checkouts Full call number Barcode No Date last seen Discount Bill Date Koha item type Suggested By
    Dewey Decimal Classification     IMTN IMTN Rack 38-A 03/26/2025 Raghav Books Private Limited 11686.50 2374   687.0687 CHE 33793 04/01/2025 33 02/14/2025 Books Dr. Mantha Raghu (Head Librarian)
Designed & Maintained by: LRC IMT Nagpur Contact: lrc@imtnag.ac.in© 2024. All Rights Reserved.